Normal view
MARC view
- Senator, Hermann
Entry Personal Name
001 - CONTROL NUMBER
- control field: 104989
003 - CONTROL NUMBER IDENTIFIER
- control field: NUST
005 - DATE AND TIME OF LATEST TRANSACTION
- control field: 20221215142532.0
008 - FIXED-LENGTH DATA ELEMENTS
- fixed length control field: 221215|| aca||aabn | a|a d
040 ## - CATALOGING SOURCE
- Original cataloging agency: NUST
- Transcribing agency: NUST
100 ## - HEADING--PERSONAL NAME
- Personal name: Senator, Hermann
670 ## - SOURCE DATA FOUND
- Source citation: Work cat.: (NUST)184197: Kaminer, Senator 104988, Health and disease in relation to marriage and the married state /, etc., etc., c1904-05
